Rural development programmes and women empowerment / (Record no. 102473)

MARC details
000 -LEADER
fixed length control field 00991nam a22002417a 4500
005 - DATE AND TIME OF LATEST TRANSACTION
control field 20170719165538.0
010 ## - LCCN (DPL NO)
LC control number 1617EN ENG-116749
020 ## - INTERNATIONAL STANDARD BOOK NUMBER
International Standard Book Number 9788184846027
Terms of availability 850.00
035 ## - SYSTEM CONTROL NUMBER
System control number B-652147-156
035 ## - SYSTEM CONTROL NUMBER
System control number EN-100281
035 ## - SYSTEM CONTROL NUMBER
System control number B-666219
037 ## - SOURCE OF ACQUISITION
Source of stock number/acquisition Pragati
037 ## - SOURCE OF ACQUISITION
Source of stock number/acquisition DBAD/PUB
082 ## - DEWEY DECIMAL CLASSIFICATION NUMBER
Classification number 305.420954
100 ## - MAIN ENTRY--PERSONAL NAME
Personal name Gursharan Kaur
245 ## - TITLE STATEMENT
Title Rural development programmes and women empowerment /
Statement of responsibility, etc by Gursharan Kaur
260 ## - PUBLICATION, DISTRIBUTION, ETC. (IMPRINT)
Place of publication, distribution, etc New Delhi
Name of publisher, distributor, etc Regal Publications
Date of publication, distribution, etc 2016
270 ## - ADDRESS
Address F-159, Rajouri Garden
City New Delhi
Postal code 110027
300 ## - PHYSICAL DESCRIPTION
Extent 186p.
Other physical details 22cm(Hb)
Dimensions ill.
942 ## - ADDED ENTRY ELEMENTS (KOHA)
Source of classification or shelving scheme Dewey Decimal Classification
Item type English Books
Classification part 305.420954
Call number suffix GUR
Holdings
Withdrawn status Lost status Not for loan Collection code Home library Current library Date acquired Source of acquisition Cost, normal purchase price Full call number Barcode Copy number Cost, replacement price Koha item type
      Non-fiction Ashok Vihar Ashok Vihar 19/07/2017 BPPD/EN/2016-17/AV/2016-17/466/15.02.2017/567/28.02.2017/10.03.17 850.00 305.420954 GUR B-666219 1 850.00 English Books
      Non-fiction Bagh Kadhe Khan Bagh Kadhe Khan 14/02/2017 BPPD/EN/2016-17/300/24.11.2016/IN341/2.12.2017/4.1.2017 850.00 305.420954 GUR B-652154 1 850.00 English Books
      Non-fiction Central Jail Tihar Central Jail Tihar 06/12/2016 DBAD/PUB 850.00 305.420954 GUR EN-100281 1 850.00 English Books
      Non-fiction Central Library Central Library 14/02/2017 BPPD/EN/2016-17/300/24.11.2016/IN341/2.12.2017/4.1.2017 850.00 305.420954 GUR B-652147 1 850.00 English Books
      Non-fiction Janak Puri Janak Puri 14/02/2017 BPPD/EN/2016-17/300/24.11.2016/IN341/2.12.2017/4.1.2017 850.00 305.420954 GUR B-652151 1 850.00 English Books
      Non-fiction Karol Bagh Karol Bagh 14/02/2017 BPPD/EN/2016-17/300/24.11.2016/IN341/2.12.2017/4.1.2017 850.00 305.420954 GUR B-652152 1 850.00 English Books
      Non-fiction Kasturba Gandhi Marg Kasturba Gandhi Marg 14/02/2017 BPPD/EN/2016-17/300/24.11.2016/IN341/2.12.2017/4.1.2017 850.00 305.420954 GUR B-652150 1 850.00 English Books
      Non-fiction New Police Line New Police Line 14/02/2017 BPPD/EN/2016-17/300/24.11.2016/IN341/2.12.2017/4.1.2017 850.00 305.420954 GUR B-652148 1 850.00 English Books
      Non-fiction New Rohtak Road New Rohtak Road 14/02/2017 BPPD/EN/2016-17/300/24.11.2016/IN341/2.12.2017/4.1.2017 850.00 305.420954 GUR B-652153 1 850.00 English Books
      Non-fiction Patel Nagar Patel Nagar 14/02/2017 BPPD/EN/2016-17/300/24.11.2016/IN341/2.12.2017/4.1.2017 850.00 305.420954 GUR B-652149 1 850.00 English Books
      Non-fiction Shahdara Branch Shahdara Branch 14/02/2017 BPPD/EN/2016-17/300/24.11.2016/IN341/2.12.2017/4.1.2017 850.00 305.420954 GUR B-652155 1 850.00 English Books
      Non-fiction Vigyan Vihar Vigyan Vihar 14/02/2017 BPPD/EN/2016-17/300/24.11.2016/IN341/2.12.2017/4.1.2017 850.00 305.420954 GUR B-652156 1 850.00 English Books

© Delhi Public Library
Hit Counter
free hit counter